Melipilla y su Congreso Eucaristico: 10 al 13 de Octubre de 1940

Na minha lista:
Detalhes bibliográficos
Formato: Livro
Idioma:espanhol
Publicado em: Melipilla Arquidiocesis de Melipilla 1940
Edição:1a. ed
Assuntos:
Tags: Adicionar Tag
Sem tags, seja o primeiro a adicionar uma tag!

MARC

LEADER 00000cam a2200000 a 4500
001 UCC2123
003 CL-VaPUC
008 171230e19400000cl |||||||||||||||||spa|d
082 0 4 |a 262.12  |b MEL  |2 21 
245 1 0 |a Melipilla y su Congreso Eucaristico: 10 al 13 de Octubre de 1940 
250 |a 1a. ed 
300 |a 85 p 
942 |c BK 
945 |d 20171230 00:11:00  |a arojas 
260 |a Melipilla  |b Arquidiocesis de Melipilla  |c 1940 
650 7 |a SINODO  |2 CL-VaPUC  |9 398047 
650 7 |a CONGRESO EUCARISTICO  |2 CL-VaPUC  |9 596276 
583 |a last modification  |c 20190909 09:43:56  |k Rodrigo Vera 
999 |c 370401  |d 370399 
952 |0 0  |1 0  |3 erd  |4 0  |6 262_120000000000000_MEL_1940  |7 0  |8 X  |9 486823  |a FDOBUD  |b FDOBUD  |i 5445086  |o 262.12 MEL 1940  |p 5445086  |r 2019-11-24  |w 2019-11-24  |y BK_X  |z Catalogado en:20171230  |k BUD